000 00762cam a22002415a 4500
001 L150814
008 100907s2008 xxk f 000 0 eng d
020 _a9781901171341
035 _a(Sirsi) u150814
041 0 _aeng
050 0 4 _a692.8 $2 18
110 2 _aAssociation of Consultant Architects
_91156
245 0 0 _aTPC2005
_bACA standard form of contract for term partnering, amended 2008
260 _aBromley
_bACA
_c2008
300 _aviii, 28p.
_c30cm.
520 _aA standard form of term partnering contract for the procurement of term works and services.
590 _aKA
651 4 _aEngland and Wales
_y1543-
690 _aBUILT ENVIRONMENT-BUILDING CONTRACT FORMS
700 1 _aMosey, David
700 1 _aVickery, Andrew
942 _n0
999 _c110989
_d110989